Napoleon Bonaparte (Record no. 144713)

MARC details
000 -LEADER
fixed length control field 00593nam a2200205Ia 4500
003 - CONTROL NUMBER IDENTIFIER
control field OSt
005 - DATE AND TIME OF LATEST TRANSACTION
control field 20260124110031.0
008 - FIXED-LENGTH DATA ELEMENTS--GENERAL INFORMATION
fixed length control field 210210b1935 xxu||||| |||| 00| 0 eng d
040 ## - CATALOGING SOURCE
Transcribing agency AL
041 ## - LANGUAGE CODE
Language code of text/sound track or separate title Kannada
082 ## - DEWEY DECIMAL CLASSIFICATION NUMBER
Classification number 858/18
100 ## - MAIN ENTRY--PERSONAL NAME
Personal name KSHIRA SAGARA
Dates associated with a name ಕ್ಷೀರಾ ಸಾಗರ
9 (RLIN) 252583
245 ## - TITLE STATEMENT
Title Napoleon Bonaparte
Remainder of title ನೆಪೋಲಿಯನ್ ಬೊನಪಾರ್ಟೆ
260 ## - PUBLICATION, DISTRIBUTION, ETC.
Place of publication, distribution, etc. BengaLUru
Name of publisher, distributor, etc. Adhyatma prakasha karyalaya
Date of publication, distribution, etc. 1935
650 ## - SUBJECT ADDED ENTRY--TOPICAL TERM
Topical term or geographic name entry element NepOliyan
9 (RLIN) 252584
650 ## - SUBJECT ADDED ENTRY--TOPICAL TERM
Topical term or geographic name entry element bonApArTi
9 (RLIN) 252585
690 ## - LOCAL SUBJECT ADDED ENTRY--TOPICAL TERM (OCLC, RLIN)
Topical term or geographic name as entry element Biography
9 (RLIN) 252586
906 ## - LOCAL DATA ELEMENT F, LDF (RLIN)
a 020562
942 ## - ADDED ENTRY ELEMENTS (KOHA)
Source of classification or shelving scheme Dewey Decimal Classification
Koha item type Book
Holdings
Withdrawn status Lost status Damaged status Not for loan Collection code Home library Current library Shelving location Date acquired Cost, normal purchase price Total Checkouts Full call number Barcode Date last seen Price effective from Koha item type
          St Aloysius Library St Aloysius Library   02/17/2021 0.00   858/18 020562 02/17/2021 02/17/2021 Book